<?xml version="1.0" encoding="UTF-8"?>
<record
    xmlns:xsi="http://www.w3.org/2001/XMLSchema-instance"
    xsi:schemaLocation="http://www.loc.gov/MARC21/slim http://www.loc.gov/standards/marcxml/schema/MARC21slim.xsd"
    xmlns="http://www.loc.gov/MARC21/slim">

  <leader>02674nam0a2200433   4500</leader>
  <controlfield tag="001">RU\NLR\BIBL_A\011817734</controlfield>
  <controlfield tag="005">20250626134709.0</controlfield>
  <datafield tag="020" ind1=" " ind2=" ">
    <subfield code="a">RU</subfield>
    <subfield code="b">18467</subfield>
    <subfield code="9">&#x421;&#x432;&#x43E;&#x434;&#x43D;&#x44B;&#x439; &#x43A;&#x430;&#x442;&#x430;&#x43B;&#x43E;&#x433; &#x43B;&#x438;&#x441;&#x442;&#x43E;&#x432;&#x43E;&#x43A; &#x43F;&#x435;&#x440;&#x432;&#x44B;&#x445; &#x43B;&#x435;&#x442; &#x421;&#x43E;&#x432;&#x435;&#x442;&#x441;&#x43A;&#x43E;&#x439; &#x432;&#x43B;&#x430;&#x441;&#x442;&#x438; (25 &#x43E;&#x43A;&#x442;&#x44F;&#x431;&#x440;&#x44F; (7 &#x43D;&#x43E;&#x44F;&#x431;&#x440;&#x44F;) 1917 - 1925) &#x422;.6. &#x41B;&#x438;&#x441;&#x442;&#x43E;&#x432;&#x43A;&#x438; &#x43E;&#x440;&#x433;&#x430;&#x43D;&#x43E;&#x432; &#x432;&#x43E;&#x435;&#x43D;&#x43D;&#x43E;&#x433;&#x43E; &#x443;&#x43F;&#x440;&#x430;&#x432;&#x43B;&#x435;&#x43D;&#x438;&#x44F; &#x43E;&#x442;&#x434;&#x435;&#x43B;&#x44C;&#x43D;&#x44B;&#x445; &#x432;&#x43E;&#x438;&#x43D;&#x441;&#x43A;&#x438;&#x445; &#x441;&#x43E;&#x435;&#x434;&#x438;&#x43D;&#x435;&#x43D;&#x438;&#x439; &#x438; &#x447;&#x430;&#x441;&#x442;&#x435;&#x439; &#x432;&#x43E;&#x435;&#x43D;&#x43D;&#x44B;&#x445; &#x43E;&#x440;&#x433;&#x430;&#x43D;&#x438;&#x437;&#x430;&#x446;&#x438;&#x439; &#x438; &#x443;&#x447;&#x440;&#x435;&#x436;&#x434;&#x435;&#x43D;&#x438;&#x439;</subfield>
  </datafield>
  <datafield tag="035" ind1=" " ind2=" ">
    <subfield code="a">(NLR Aleph) 011817734</subfield>
  </datafield>
  <datafield tag="090" ind1=" " ind2=" ">
    <subfield code="a">11948296</subfield>
    <subfield code="c">11948296</subfield>
  </datafield>
  <datafield tag="100" ind1=" " ind2=" ">
    <subfield code="a">20181011j19201019|||y0rusy50      ca</subfield>
  </datafield>
  <datafield tag="101" ind1="0" ind2=" ">
    <subfield code="a">rus</subfield>
  </datafield>
  <datafield tag="102" ind1=" " ind2=" ">
    <subfield code="a">RU</subfield>
  </datafield>
  <datafield tag="105" ind1=" " ind2=" ">
    <subfield code="a">y   z   000zy</subfield>
  </datafield>
  <datafield tag="135" ind1=" " ind2=" ">
    <subfield code="a">crcn 024anaba</subfield>
  </datafield>
  <datafield tag="200" ind1="1" ind2=" ">
    <subfield code="a">&#x41F;&#x440;&#x438;&#x43A;&#x430;&#x437; &#x43F;&#x43E; &#x433;&#x430;&#x440;&#x43D;&#x438;&#x437;&#x43E;&#x43D;&#x443; &#x433;&#x43E;&#x440;&#x43E;&#x434;&#x430; &#x421;&#x438;&#x43C;&#x431;&#x438;&#x440;&#x441;&#x43A;&#x430; &#x2116; 134, 19 &#x43E;&#x43A;&#x442;. 1920 &#x433;., &#x433;&#x43E;&#x440;. &#x421;&#x438;&#x43C;&#x431;&#x438;&#x440;&#x441;&#x43A;. "&#xA7; 1. &#x41F;&#x440;&#x438; &#x441;&#x435;&#x43C; &#x43E;&#x431;&#x44A;&#x44F;&#x432;&#x43B;&#x44F;&#x44E; &#x43F;&#x440;&#x438;&#x43A;&#x430;&#x437; &#x43D;&#x430;&#x431;&#x43B;&#x44E;&#x434;&#x430;&#x44E;&#x449;&#x435;&#x433;&#x43E;..."</subfield>
    <subfield code="e">[&#x43B;&#x438;&#x441;&#x442;&#x43E;&#x432;&#x43A;&#x430;]</subfield>
  </datafield>
  <datafield tag="210" ind1=" " ind2=" ">
    <subfield code="a">&#x421;&#x438;&#x43C;&#x431;&#x438;&#x440;&#x441;&#x43A;</subfield>
    <subfield code="c">&#x421;&#x438;&#x43C;&#x431;. &#x442;&#x438;&#x43F;. &#x2116; 3 &#x421;&#x41D;&#x425;</subfield>
    <subfield code="d">1920, &#x43E;&#x43A;&#x442;., 19</subfield>
  </datafield>
  <datafield tag="215" ind1=" " ind2=" ">
    <subfield code="a">1 &#x441;.</subfield>
    <subfield code="d">31&#x445;18</subfield>
  </datafield>
  <datafield tag="300" ind1=" " ind2=" ">
    <subfield code="a">&#x41F;&#x43E;&#x434;&#x43F;&#x438;&#x441;&#x438;: &#x43D;&#x430;&#x447;&#x430;&#x43B;&#x44C;&#x43D;&#x438;&#x43A; &#x413;&#x430;&#x440;&#x43D;&#x438;&#x437;&#x43E;&#x43D;&#x430; &#x433;&#x43E;&#x440;. &#x421;&#x438;&#x43C;&#x431;&#x438;&#x440;&#x441;&#x43A;&#x430; &#x41C;&#x443;&#x445;&#x438;&#x43D;, &#x430;&#x434;&#x44A;&#x44E;&#x442;&#x430;&#x43D;&#x442; &#x411;&#x43B;&#x43E;&#x445;&#x438;&#x43D;</subfield>
  </datafield>
  <datafield tag="325" ind1=" " ind2=" ">
    <subfield code="a">&#x41A;&#x43E;&#x43F;&#x438;&#x44F; &#x434;&#x43E;&#x441;&#x442;&#x443;&#x43F;&#x43D;&#x430; &#x432; &#x42D;&#x43B;&#x435;&#x43A;&#x442;&#x440;&#x43E;&#x43D;. &#x431;-&#x43A;&#x435; &#x420;&#x41D;&#x411;</subfield>
  </datafield>
  <datafield tag="327" ind1="1" ind2=" ">
    <subfield code="a">&#x41E;&#x431; &#x443;&#x43A;&#x440;&#x435;&#x43F;&#x43B;&#x435;&#x43D;&#x438;&#x438; &#x432;&#x43E;&#x438;&#x43D;&#x441;&#x43A;&#x43E;&#x439; &#x434;&#x438;&#x441;&#x446;&#x438;&#x43F;&#x43B;&#x438;&#x43D;&#x44B;</subfield>
  </datafield>
  <datafield tag="517" ind1="1" ind2=" ">
    <subfield code="a">&#x41F;&#x440;&#x438; &#x441;&#x435;&#x43C; &#x43E;&#x431;&#x44A;&#x44F;&#x432;&#x43B;&#x44F;&#x44E; &#x43F;&#x440;&#x438;&#x43A;&#x430;&#x437; &#x43D;&#x430;&#x431;&#x43B;&#x44E;&#x434;&#x430;&#x44E;&#x449;&#x435;&#x433;&#x43E;...</subfield>
  </datafield>
  <datafield tag="540" ind1="1" ind2=" ">
    <subfield code="a">&#x41E;&#x431; &#x443;&#x43A;&#x440;&#x435;&#x43F;&#x43B;&#x435;&#x43D;&#x438;&#x438; &#x432;&#x43E;&#x438;&#x43D;&#x441;&#x43A;&#x43E;&#x439; &#x434;&#x438;&#x441;&#x446;&#x438;&#x43F;&#x43B;&#x438;&#x43D;&#x44B;</subfield>
  </datafield>
  <datafield tag="601" ind1="0" ind2="2">
    <subfield code="a">&#x41F;&#x440;&#x438;&#x432;&#x43E;&#x43B;&#x436;&#x441;&#x43A;&#x438;&#x439; &#x432;&#x43E;&#x435;&#x43D;&#x43D;&#x44B;&#x439; &#x43E;&#x43A;&#x440;&#x443;&#x433;</subfield>
    <subfield code="j">&#x41B;&#x438;&#x441;&#x442;&#x43E;&#x432;&#x43A;&#x438;</subfield>
    <subfield code="9">2041970</subfield>
    <subfield code="3">RU\NLR\AUTH\66941386</subfield>
  </datafield>
  <datafield tag="607" ind1=" " ind2=" ">
    <subfield code="a">&#x420;&#x421;&#x424;&#x421;&#x420;</subfield>
    <subfield code="j">&#x41B;&#x438;&#x441;&#x442;&#x43E;&#x432;&#x43A;&#x438;</subfield>
    <subfield code="x">&#x41F;&#x43E;&#x43B;&#x438;&#x442;&#x438;&#x43A;&#x430; &#x438; &#x443;&#x43F;&#x440;&#x430;&#x432;&#x43B;&#x435;&#x43D;&#x438;&#x435;</subfield>
    <subfield code="y">1917 - 1925</subfield>
    <subfield code="9">2312782</subfield>
    <subfield code="3">RU\NLR\auth\6601609564</subfield>
  </datafield>
  <datafield tag="686" ind1="0" ind2=" ">
    <subfield code="a">&#x422;3(2)71-313,011</subfield>
  </datafield>
  <datafield tag="686" ind1="0" ind2=" ">
    <subfield code="a">&#x426;4,6(2)13,011</subfield>
  </datafield>
  <datafield tag="702" ind1=" " ind2="1">
    <subfield code="4">720</subfield>
    <subfield code="7">ca</subfield>
    <subfield code="8">rus</subfield>
    <subfield code="a">&#x41C;&#x443;&#x445;&#x438;&#x43D;</subfield>
    <subfield code="c">&#x443;&#x447;&#x430;&#x441;&#x442;&#x43D;&#x438;&#x43A; &#x443;&#x441;&#x442;&#x430;&#x43D;&#x43E;&#x432;&#x43B;&#x435;&#x43D;&#x438;&#x44F; &#x441;&#x43E;&#x432;&#x435;&#x442;&#x441;&#x43A;&#x43E;&#x439; &#x432;&#x43B;&#x430;&#x441;&#x442;&#x438;, &#x432;&#x43E;&#x435;&#x43D;. &#x43A;&#x43E;&#x43C;&#x438;&#x441;&#x441;&#x430;&#x440;, &#x41C;&#x435;&#x43B;&#x435;&#x43A;&#x435;&#x441;&#x441;</subfield>
    <subfield code="9">191235</subfield>
    <subfield code="3">RU\NLR\AUTH\770191286</subfield>
  </datafield>
  <datafield tag="702" ind1=" " ind2="1">
    <subfield code="4">720</subfield>
    <subfield code="a">&#x411;&#x43B;&#x43E;&#x445;&#x438;&#x43D;</subfield>
    <subfield code="c">&#x443;&#x447;&#x430;&#x441;&#x442;&#x43D;&#x438;&#x43A; &#x443;&#x441;&#x442;&#x430;&#x43D;&#x43E;&#x432;&#x43B;&#x435;&#x43D;&#x438;&#x44F; &#x441;&#x43E;&#x432;&#x435;&#x442;&#x441;&#x43A;&#x43E;&#x439; &#x432;&#x43B;&#x430;&#x441;&#x442;&#x438;, &#x433;. &#x421;&#x438;&#x43C;&#x431;&#x438;&#x440;&#x441;&#x43A;</subfield>
    <subfield code="9">207612</subfield>
    <subfield code="3">RU\NLR\AUTH\770207665</subfield>
  </datafield>
  <datafield tag="710" ind1="0" ind2="2">
    <subfield code="a">&#x41D;&#x430;&#x447;&#x430;&#x43B;&#x44C;&#x43D;&#x438;&#x43A; &#x433;&#x430;&#x440;&#x43D;&#x438;&#x437;&#x43E;&#x43D;&#x430; &#x433;&#x43E;&#x440;&#x43E;&#x434;&#x430; &#x421;&#x438;&#x43C;&#x431;&#x438;&#x440;&#x441;&#x43A;&#x430;</subfield>
    <subfield code="9">645203</subfield>
    <subfield code="3">RU\NLR\AUTH\880492591</subfield>
  </datafield>
  <datafield tag="852" ind1="0" ind2="0">
    <subfield code="a">NLR</subfield>
    <subfield code="b">&#x424;&#x41B;</subfield>
    <subfield code="j">67/165</subfield>
  </datafield>
  <datafield tag="942" ind1=" " ind2=" ">
    <subfield code="c">BOOK</subfield>
  </datafield>
  <datafield tag="980" ind1=" " ind2=" ">
    <subfield code="a">NB</subfield>
  </datafield>
  <datafield tag="981" ind1="2" ind2="1">
    <subfield code="a">(21) &#x41B;&#x438;&#x441;&#x442;&#x43E;&#x432;&#x43A;&#x438;</subfield>
    <subfield code="b">(21) &#x41B;&#x438;&#x441;&#x442;&#x43E;&#x432;&#x43A;&#x438; 1920 &#x433;&#x43E;&#x434;&#x430;</subfield>
  </datafield>
</record>
